[Event "BPB Limburg open"]
[Site "Maastricht"]
[Date "2015.05.24"]
[Round "5"]
[White "Nguyen, Kevin"]
[Black "Noiroux, Kevin"]
[Result "1/2-1/2"]
[WhiteElo "2090"]
[BlackElo "2218"]
[PlyCount "108"]
[EventDate "2015.05.22"]
[EventType "swiss"]
[EventRounds "7"]
[EventCountry "NED"]
[Source "P.Boonen"]
[SourceDate "2015.10.01"]

1. e4 e6 2. d4 d5 3. Nd2 c5 4. c3 Nc6 5. Ngf3 Nf6 6. Bd3 cxd4 7. cxd4 Nb4 8.
Bb1 dxe4 9. Nxe4 Nbd5 10. O-O Be7 11. Nc3 O-O 12. Bg5 b6 13. Qd3 g6 14. Re1 Bb7
15. Ne5 Nh5 16. Bh6 Ndf4 17. Qc4 Nxg2 18. Be4 Rc8 19. Qa4 Bxe4 20. Rxe4 Nh4 21.
Bxf8 Bxf8 22. Qd7 Nf3+ 23. Kg2 Nxe5 24. Qxd8 Rxd8 25. dxe5 Rd2 26. Rd1 Rxb2 27.
Rd8 Kg7 28. Rc4 Bc5 29. Ne4 Rxa2 30. Nxc5 bxc5 31. Rxc5 Ra4 32. Rd7 a5 33. Rcc7
Rf4 34. Re7 Rf5 35. Rc5 Nf4+ 36. Kg3 Nd3 37. Rxa5 Nxf2 38. Rb7 g5 39. Rb2 Ne4+
40. Kg2 h5 41. Re2 Nc3 42. Rf2 Kg6 43. Rxf5 Kxf5 44. Ra7 Kxe5 45. Rxf7 Ke4 46.
Rg7 g4 47. Kg3 Nd5 48. Rg5 Nf4 49. Ra5 e5 50. Ra4+ Kf5 51. Kh4 Kg6 52. Ra6+ Kf5
53. Ra5 Ng2+ 54. Kxh5 Nf4+ 1/2-1/2

[Event "BPB Limburg open"]
[Site "Maastricht"]
[Date "2015.05.24"]
[Round "5"]
[White "Perrenet, Jacob"]
[Black "Schiffers, Sascha"]
[Result "1-0"]
[WhiteElo "2078"]
[BlackElo "2103"]
[PlyCount "99"]
[EventDate "2015.05.22"]
[EventType "swiss"]
[EventRounds "7"]
[EventCountry "NED"]
[Source "P.Boonen"]
[SourceDate "2015.10.01"]

1. Nc3 Nf6 2. g4 Nxg4 3. e4 d6 4. Be2 Nf6 5. d4 e5 6. dxe5 dxe5 7. Qxd8+ Kxd8
8. Bg5 c6 9. O-O-O+ Ke8 10. Nf3 Nfd7 11. Nxe5 Be7 12. Bxe7 Kxe7 13. Nc4 b5 14.
Nd6 Nb6 15. e5 Be6 16. Bf3 a6 17. Nce4 N8d7 18. Ng3 Nxe5 19. Ndf5+ Kf6 20. Be4
g6 21. Nd4 Rad8 22. f4 Ng4 23. f5 gxf5 24. Ndxf5 Nf2 25. Rxd8 Rxd8 26. Rf1 Nxe4
27. Nxe4+ Ke5 28. Neg3 Nd5 29. Re1+ Kf6 30. Nd4 Ne7 31. Ne4+ Ke5 32. Nc5+ Kf6
33. Ncxe6 fxe6 34. Rxe6+ Kf7 35. Rxe7+ Kxe7 36. Nxc6+ Kd7 37. Nxd8 Kxd8 38. Kd2
Ke7 39. Ke3 Kf6 40. Kf4 h6 41. c3 a5 42. b3 a4 43. c4 bxc4 44. bxc4 Ke6 45. Ke4
Kd6 46. Kd4 Kc6 47. a3 h5 48. h4 Kd6 49. c5+ Kc7 50. Kc4 1-0

[Event "BPB Limburg open"]
[Site "Maastricht"]
[Date "2015.05.24"]
[Round "5"]
[White "Roos, Adrian"]
[Black "Commercon, Simon"]
[Result "1-0"]
[WhiteElo "2229"]
[BlackElo "2216"]
[PlyCount "107"]
[EventDate "2015.05.22"]
[EventType "swiss"]
[EventRounds "7"]
[EventCountry "NED"]
[Source "P.Boonen"]
[SourceDate "2015.10.01"]

1. d4 g6 2. e4 Bg7 3. Nc3 d6 4. f4 a6 5. Nf3 b5 6. Bd3 Nd7 7. e5 Nh6 8. Be4 Rb8
9. O-O O-O 10. Ne2 f6 11. Ng3 Nb6 12. exf6 exf6 13. f5 g5 14. d5 Nf7 15. Nd4
Ne5 16. Ne6 Bxe6 17. fxe6 Qe8 18. Nf5 Nc8 19. Be3 Ne7 20. b3 Nxf5 21. Bxf5 b4
22. a3 a5 23. axb4 axb4 24. Ra7 Qe7 25. Qe2 h6 26. Rfa1 Rfc8 27. Bd4 Bf8 28.
R1a4 Kg7 29. h3 Ng6 30. Qc4 Ne5 31. Qa6 Ng6 32. Rb7 Nf4 33. Raxb4 Ra8 34. Qc4
Ra5 35. R4b5 Raa8 36. Kh2 h5 37. g3 Ng6 38. Qe2 Kh6 39. Qd2 h4 40. g4 Ne5 41.
Kg2 Ng6 42. Ra5 Nf4+ 43. Kh2 Rxa5 44. Qxa5 Ne2 45. Bb2 Bg7 46. Ra7 Ng3 47. Ra8
Qe8 48. Rxc8 Qxc8 49. Bd3 c6 50. Qa7 Qg8 51. Qd7 cxd5 52. e7 d4 53. e8=Q d5 54.
Qg6# 1-0

[Event "BPB Limburg open"]
[Site "Maastricht"]
[Date "2015.05.24"]
[Round "5"]
[White "Scholzen, Wolfgang"]
[Black "Wecker, Martin"]
[Result "0-1"]
[WhiteElo "2085"]
[BlackElo "2122"]
[PlyCount "68"]
[EventDate "2015.05.22"]
[EventType "swiss"]
[EventRounds "7"]
[EventCountry "NED"]
[Source "P.Boonen"]
[SourceDate "2015.10.01"]

1. d4 Nf6 2. Nf3 c5 3. e3 g6 4. b3 Bg7 5. Bb2 cxd4 6. exd4 O-O 7. Bd3 d5 8. O-O
Nc6 9. Nbd2 Nb4 10. Be2 Bf5 11. Ne1 Rc8 12. c3 Nc6 13. Bd3 Bxd3 14. Nxd3 Qd6
15. Re1 Rfe8 16. Ne5 Nd7 17. Nxd7 Qxd7 18. Nf3 b5 19. Qd2 Qb7 20. Re2 a5 21.
Ne5 e6 22. Nxc6 Rxc6 23. Ba3 Rec8 24. Bc5 e5 25. Rae1 e4 26. c4 bxc4 27. bxc4
Re6 28. Qxa5 dxc4 29. Qa4 Qd5 30. Qc2 Bxd4 31. Bxd4 Qxd4 32. Rxe4 Rxe4 33. Qxe4
Qxe4 34. Rxe4 c3 0-1

[Event "BPB Limburg open"]
[Site "Maastricht"]
[Date "2015.05.24"]
[Round "5"]
[White "Schoorl, Rob"]
[Black "Bezemer, Arno"]
[Result "1/2-1/2"]
[WhiteElo "2334"]
[BlackElo "2292"]
[PlyCount "81"]
[EventDate "2015.05.22"]
[EventType "swiss"]
[EventRounds "7"]
[EventCountry "NED"]
[Source "P.Boonen"]
[SourceDate "2015.10.01"]

1. e4 c5 2. Nf3 d6 3. d4 cxd4 4. Nxd4 Nf6 5. Nc3 a6 6. h3 e5 7. Nde2 b5 8. g4
b4 9. Nd5 Nxd5 10. exd5 h5 11. g5 g6 12. Be3 Nd7 13. a3 Rb8 14. axb4 Rxb4 15.
b3 Qc7 16. Qd2 Rb8 17. Nc3 Bg7 18. Ne4 O-O 19. Bd3 Nc5 20. Bxc5 dxc5 21. Qa5
Qd7 22. c4 Qd8 23. Qxd8 Rxd8 24. Kd2 Rxb3 25. Nxc5 Rb2+ 26. Ke3 Bf8 27. Ne4 Kg7
28. h4 Bf5 29. Rhb1 Rxb1 30. Bxb1 Ra8 31. d6 Rc8 32. c5 Bxe4 33. Bxe4 Rxc5 34.
Rxa6 Rc8 35. Bd5 Rd8 36. Ra7 Bxd6 37. Rxf7+ Kh8 38. Be4 Bc5+ 39. Ke2 Rd6 40.
Re7 Bd4 41. f3 1/2-1/2

[Event "BPB Limburg open"]
[Site "Maastricht"]
[Date "2015.05.24"]
[Round "5"]
[White "Shkapenko, Pavel"]
[Black "Fedorchuk, Sergey A"]
[Result "1/2-1/2"]
[WhiteElo "2422"]
[BlackElo "2657"]
[PlyCount "67"]
[EventDate "2015.05.22"]
[EventType "swiss"]
[EventRounds "7"]
[EventCountry "NED"]
[Source "P.Boonen"]
[SourceDate "2015.10.01"]

1. e4 c5 2. c3 d5 3. exd5 Qxd5 4. Nf3 Nf6 5. d4 e6 6. Be2 Nc6 7. O-O cxd4 8.
cxd4 Be7 9. Nc3 Qd6 10. Nb5 Qd8 11. Bf4 Nd5 12. Bg3 O-O 13. Bc4 a6 14. Bxd5
axb5 15. Be4 Nb4 16. Qe2 f5 17. Bb1 Nd5 18. Be5 Bd7 19. Bc2 Bc6 20. Bb3 Qd7 21.
Ne1 Nb6 22. Nd3 Bd5 23. Nc5 Qc6 24. Bxd5 Nxd5 25. Rfc1 Bg5 26. Re1 b6 27. Nd3
b4 28. Qf3 Qd7 29. Bf4 Bf6 30. Be5 Bg5 31. Bf4 Bxf4 32. Nxf4 Nxf4 33. Qxf4 Rfc8
34. d5 1/2-1/2

[Event "BPB Limburg open"]
[Site "Maastricht"]
[Date "2015.05.24"]
[Round "5"]
[White "Socko, Bartosz"]
[Black "Heinert, Eugen"]
[Result "1-0"]
[WhiteElo "2613"]
[BlackElo "2154"]
[PlyCount "57"]
[EventDate "2015.05.22"]
[EventType "swiss"]
[EventRounds "7"]
[EventCountry "NED"]
[Source "P.Boonen"]
[SourceDate "2015.10.01"]

1. e4 e6 2. d4 d5 3. Nd2 Nf6 4. e5 Nfd7 5. Bd3 c5 6. c3 Nc6 7. Ne2 cxd4 8. cxd4
f6 9. exf6 Nxf6 10. O-O Bd6 11. Nf3 Qc7 12. h3 O-O 13. Be3 Bd7 14. Rc1 Rae8 15.
a3 Re7 16. b4 a6 17. Ne5 Qb8 18. f4 Na7 19. Nc3 Be8 20. Qb3 b5 21. f5 Nc8 22.
fxe6 Nb6 23. Rce1 Nc4 24. Bg5 Rxe6 25. Bf5 Re7 26. Nxd5 Nxd5 27. Bxe7 Bxe7 28.
Be6+ Kh8 29. Rxf8+ 1-0

[Event "BPB Limburg open"]
[Site "Maastricht"]
[Date "2015.05.24"]
[Round "5"]
[White "Stiefel, Roland"]
[Black "Zult, Daan"]
[Result "0-1"]
[WhiteElo "2019"]
[BlackElo "2237"]
[PlyCount "97"]
[EventDate "2015.05.22"]
[EventType "swiss"]
[EventRounds "7"]
[EventCountry "NED"]
[Source "P.Boonen"]
[SourceDate "2015.10.01"]

1. d4 d5 2. Nf3 Nf6 3. e3 c5 4. b3 cxd4 5. exd4 Nc6 6. a3 Bg4 7. Be2 e6 8. O-O
Bd6 9. Bb2 Rc8 10. Nbd2 O-O 11. h3 Bh5 12. c4 b6 13. Ne5 Bxe2 14. Qxe2 Qe7 15.
Rfc1 Rfd8 16. Ndf3 Na5 17. Qe3 h6 18. Nd2 Rc7 19. Qc3 dxc4 20. Nexc4 Bf4 21.
Qd3 Nc6 22. Ne3 e5 23. Rc4 b5 24. Rc2 Nxd4 25. Rxc7 Qxc7 26. Bxd4 Rxd4 27. Qe2
Qc3 28. Rd1 Bxe3 29. fxe3 Rd3 30. Nf1 e4 31. Rb1 g6 32. Qf2 Kg7 33. a4 b4 34.
Qb2 Nd5 35. Kf2 f5 36. Ke2 g5 37. Kf2 Kg6 38. Qe2 a5 39. g3 h5 40. Rb2 g4 41.
h4 Kf6 42. Rb1 Ke6 43. Rb2 Ke7 44. Rb1 Kf7 45. Rb2 Kg6 46. Rb1 Nxe3 47. Nxe3
Rd2 48. Ke1 Rxe2+ 49. Kxe2 0-1

[Event "BPB Limburg open"]
[Site "Maastricht"]
[Date "2015.05.24"]
[Round "5"]
[White "Tate, Emory"]
[Black "Lanchava, Tea"]
[Result "1-0"]
[WhiteElo "2256"]
[BlackElo "2250"]
[PlyCount "65"]
[EventDate "2015.05.22"]
[EventType "swiss"]
[EventRounds "7"]
[EventCountry "NED"]
[Source "P.Boonen"]
[SourceDate "2015.10.01"]

1. d4 d6 2. Nf3 g6 3. e4 Bg7 4. Bc4 c6 5. Nc3 d5 6. exd5 b5 7. Bb3 b4 8. Ne2
cxd5 9. Nf4 e6 10. h4 h6 11. Bd2 a5 12. a3 bxa3 13. Rxa3 Nc6 14. Ba4 Nge7 15.
Ne5 Bxe5 16. dxe5 Kf8 17. h5 g5 18. Nd3 d4 19. f4 Qc7 20. O-O g4 21. Qxg4 Rg8
22. Qf3 Rb8 23. f5 exf5 24. Bxh6+ Ke8 25. e6 Bxe6 26. Bf4 Qc8 27. Bxc6+ Nxc6
28. Bxb8 Nxb8 29. Rxa5 Ke7 30. Ra7+ Nd7 31. Ne5 d3 32. Nxd7 dxc2 33. Nb6+ 1-0

[Event "BPB Limburg open"]
[Site "Maastricht"]
[Date "2015.05.24"]
[Round "5"]
[White "Thompson, Ian D"]
[Black "Van Meegen, Ruud"]
[Result "1-0"]
[WhiteElo "2202"]
[BlackElo "2151"]
[PlyCount "57"]
[EventDate "2015.05.22"]
[EventType "swiss"]
[EventRounds "7"]
[EventCountry "NED"]
[Source "P.Boonen"]
[SourceDate "2015.10.01"]

1. c4 c5 2. Nc3 g6 3. g3 Bg7 4. Bg2 Nc6 5. Nf3 b6 6. O-O Bb7 7. e3 Nf6 8. d4
cxd4 9. exd4 O-O 10. Bf4 d5 11. Ne5 e6 12. cxd5 exd5 13. Qd2 Ne7 14. Rfe1 Nf5
15. Rac1 Nh5 16. Ne2 Nxf4 17. Nxf4 Re8 18. Bh3 Nd6 19. Nc6 Bxc6 20. Rxc6 Nc4
21. Qc1 Rxe1+ 22. Qxe1 Bxd4 23. Qd1 Bc5 24. Nxd5 Qg5 25. Nf6+ Kg7 26. Bg2 Rf8
27. h4 Qe5 28. Qc1 Bxf2+ 29. Kxf2 {.....} 1-0

[Event "BPB Limburg open"]
[Site "Maastricht"]
[Date "2015.05.24"]
[Round "5"]
[White "Timmermans, Ivo"]
[Black "Martens, Martin"]
[Result "0-1"]
[WhiteElo "2157"]
[BlackElo "2417"]
[PlyCount "52"]
[EventDate "2015.05.22"]
[EventType "swiss"]
[EventRounds "7"]
[EventCountry "NED"]
[Source "P.Boonen"]
[SourceDate "2015.10.01"]

1. e4 c5 2. Nf3 e6 3. d4 cxd4 4. Nxd4 a6 5. Nc3 Qc7 6. Bd3 Nf6 7. O-O d6 8. Kh1
Nbd7 9. a4 Be7 10. f4 Nc5 11. Qe1 O-O 12. Qg3 b6 13. Bd2 Bb7 14. Rae1 Qd7 15.
Nf3 d5 16. Ne5 Qd8 17. exd5 exd5 18. Bc1 d4 19. Ne2 Nxa4 20. f5 Re8 21. Nf4 Bd6
22. Nh3 Qc7 23. Bh6 Nh5 24. Qg4 Bxe5 25. Qxh5 f6 26. b3 Nb2 0-1

[Event "BPB Limburg open"]
[Site "Maastricht"]
[Date "2015.05.24"]
[Round "5"]
[White "Van Eetvelde, Ward"]
[Black "Van Osch, Mees"]
[Result "0-1"]
[WhiteElo "2102"]
[BlackElo "2248"]
[PlyCount "50"]
[EventDate "2015.05.22"]
[EventType "swiss"]
[EventRounds "7"]
[EventCountry "NED"]
[Source "P.Boonen"]
[SourceDate "2015.10.01"]

1. d4 Nf6 2. Nf3 b6 3. g3 Bb7 4. Bg2 e6 5. O-O Be7 6. Re1 O-O 7. Nbd2 d5 8. b3
c5 9. Bb2 Nc6 10. e3 Rc8 11. Bf1 Qc7 12. dxc5 bxc5 13. Rc1 e5 14. Bb5 Bd6 15.
Qe2 Rfd8 16. Ba6 e4 17. Nh4 Bxa6 18. Qxa6 Be5 19. Qa3 Qd7 20. Rb1 g5 21. Ng2
Qh3 22. f3 Rd6 23. Qxc5 exf3 24. Nxf3 Ne4 25. Qxd6 Bxd6 0-1

[Event "BPB Limburg open"]
[Site "Maastricht"]
[Date "2015.05.24"]
[Round "5"]
[White "Van Foreest, Lucas"]
[Black "Schroer, Marcel"]
[Result "0-1"]
[WhiteElo "2312"]
[BlackElo "2186"]
[PlyCount "46"]
[EventDate "2015.05.22"]
[EventType "swiss"]
[EventRounds "7"]
[EventCountry "NED"]
[Source "P.Boonen"]
[SourceDate "2015.10.01"]

1. e4 d6 2. d4 Nf6 3. Bd3 e5 4. c3 d5 5. dxe5 Nxe4 6. Nf3 Nc6 7. O-O Be7 8. Re1
Bg4 9. Bf4 Nc5 10. Bb5 Ne6 11. Be3 O-O 12. Bxc6 bxc6 13. Nbd2 c5 14. Nb3 Rb8
15. Qe2 Qd7 16. Rad1 Rfd8 17. Qa6 Rb6 18. Qa5 Bxf3 19. gxf3 Qc6 20. c4 d4 21.
Bc1 Qxf3 22. Qd2 Ng5 23. Kf1 d3 0-1

[Event "BPB Limburg open"]
[Site "Maastricht"]
[Date "2015.05.24"]
[Round "5"]
[White "Van Veen, Oscar"]
[Black "Fuchs, Judith"]
[Result "0-1"]
[WhiteElo "2265"]
[BlackElo "2273"]
[PlyCount "111"]
[EventDate "2015.05.22"]
[EventType "swiss"]
[EventRounds "7"]
[EventCountry "NED"]
[Source "P.Boonen"]
[SourceDate "2015.10.01"]

1. e4 c5 2. c3 d5 3. exd5 Qxd5 4. Nf3 Nc6 5. Na3 Bf5 6. Bc4 Qd7 7. d4 e6 8. Be3
cxd4 9. Nxd4 Bxa3 10. bxa3 Nge7 11. Qe2 O-O 12. Rd1 Rfd8 13. Nxf5 Qxd1+ 14.
Qxd1 Rxd1+ 15. Kxd1 Nxf5 16. Bd2 Rc8 17. Re1 Na5 18. Bf1 Nc4 19. Bc1 Nb6 20.
Kc2 Ne7 21. Kb3 Nc6 22. Rd1 Nd5 23. Bd2 Na5+ 24. Kc2 Nc4 25. Bxc4 Rxc4 26. Rb1
Rc7 27. a4 Kf8 28. Kb3 Ke8 29. Rd1 f6 30. c4 Ne7 31. Be3 Nc6 32. c5 Ke7 33. Bf4
e5 34. Be3 a6 35. f3 Rd7 36. Rxd7+ Kxd7 37. Kc4 Ke6 38. Bf2 h5 39. Be3 Ne7 40.
a3 Kd7 41. Bf2 Kc6 42. h3 Ng6 43. g3 Nf8 44. g4 hxg4 45. fxg4 Ne6 46. h4 Nf4
47. h5 Nd5 48. Bg1 Nc7 49. Be3 Ne6 50. a5 Nc7 51. a4 Nd5 52. Bd2 Ne7 53. h6
gxh6 54. Bxh6 Kd7 55. Bd2 Ke6 56. c6 0-1

[Event "BPB Limburg open"]
[Site "Maastricht"]
[Date "2015.05.24"]
[Round "5"]
[White "Van den Hatert, Roy"]
[Black "Henrich, Thomas"]
[Result "0-1"]
[WhiteElo "2118"]
[BlackElo "2208"]
[PlyCount "86"]
[EventDate "2015.05.22"]
[EventType "swiss"]
[EventRounds "7"]
[EventCountry "NED"]
[Source "P.Boonen"]
[SourceDate "2015.10.01"]

1. e4 e6 2. d4 d5 3. Nc3 Bb4 4. e5 c5 5. a3 Bxc3+ 6. bxc3 Ne7 7. a4 Qa5 8. Bd2
Nbc6 9. Nf3 Bd7 10. Qc1 Qc7 11. Qa3 b6 12. Bd3 Na5 13. Bg5 Ng6 14. h4 h6 15.
Be3 cxd4 16. cxd4 Nc4 17. Bxc4 Qxc4 18. Nd2 Qxc2 19. h5 Ne7 20. O-O Nf5 21. a5
Nxe3 22. fxe3 bxa5 23. Ra2 Qc7 24. Rc1 Qd8 25. Rb2 Qe7 26. Qxa5 O-O 27. Rc7 Qd8
28. Rbb7 a6 29. Qc5 Qg5 30. Nf1 Bb5 31. Qe7 Qxh5 32. Qxe6 Bxf1 33. Qxd5 Qd1 34.
Kh2 Rad8 35. Qe4 Qd3 36. Qf3 Be2 37. Qf2 Bh5 38. e6 Ra8 39. exf7+ Kh7 40. Rd7
a5 41. Ra7 Rxa7 42. Rxa7 Qb5 43. e4 Qb8+ 0-1

[Event "BPB Limburg open"]
[Site "Maastricht"]
[Date "2015.05.24"]
[Round "5"]
[White "Van der Valk, Niklas"]
[Black "De Jong, Jan Willem"]
[Result "1/2-1/2"]
[WhiteElo "2128"]
[BlackElo "2457"]
[PlyCount "131"]
[EventDate "2015.05.22"]
[EventType "swiss"]
[EventRounds "7"]
[EventCountry "NED"]
[Source "P.Boonen"]
[SourceDate "2015.10.01"]

1. d4 Nf6 2. Nf3 g6 3. c4 Bg7 4. Nc3 d5 5. Bf4 O-O 6. e3 c5 7. dxc5 Qa5 8. Rc1
dxc4 9. Bxc4 Nc6 10. O-O Qxc5 11. Bb3 Qa5 12. Qe2 Nh5 13. Bg5 Bg4 14. Bh4 Qb4
15. Qc4 Bxf3 16. gxf3 Qa5 17. Qe2 Qf5 18. Nd5 Qh3 19. Bg3 e6 20. Nc3 Ne5 21.
Rfd1 Qf5 22. Kg2 Qf6 23. Rd2 Rfd8 24. Rcd1 Rxd2 25. Rxd2 a6 26. Bxe5 Qxe5 27.
f4 Qc7 28. Qf3 Nf6 29. Ne4 Nd7 30. Rc2 Qb6 31. Qd1 Nf8 32. Qd6 Qd8 33. Qxd8
Rxd8 34. Bc4 Rc8 35. b3 Nd7 36. Nd6 Rc7 37. Bd3 Rxc2 38. Bxc2 b6 39. Ne4 f5 40.
Ng5 e5 41. fxe5 Bxe5 42. f4 Bd6 43. Nh3 Nf6 44. Nf2 Nd5 45. Kf3 Ba3 46. Nd1 Kf7
47. e4 fxe4+ 48. Bxe4 Ke6 49. Bd3 b5 50. Ne3 Nc3 51. f5+ Kf7 52. fxg6+ hxg6 53.
Nc2 Bd6 54. a4 Bxh2 55. Nd4 bxa4 56. bxa4 a5 57. Bc2 Kf6 58. Ne2 Nd5 59. Nd4 g5
60. Nc6 Bc7 61. Bb3 Nf4 62. Bd1 Nd3 63. Ke3 Nc5 64. Kd4 Nd7 65. Bg4 Bb6+ 66.
Kd5 1/2-1/2

[Event "BPB Limburg open"]
[Site "Maastricht"]
[Date "2015.05.24"]
[Round "5"]
[White "Vanhuyse, Nele"]
[Black "Broekmeulen, Jasper"]
[Result "1/2-1/2"]
[WhiteElo "2035"]
[BlackElo "2394"]
[PlyCount "53"]
[EventDate "2015.05.22"]
[EventType "swiss"]
[EventRounds "7"]
[EventCountry "NED"]
[Source "P.Boonen"]
[SourceDate "2015.10.01"]

1. e4 g6 2. d4 Bg7 3. f4 d5 4. e5 Nh6 5. Nf3 Bg4 6. Be3 Nf5 7. Bf2 h5 8. h3
Bxf3 9. Qxf3 h4 10. Bd3 e6 11. Nd2 c6 12. O-O Nd7 13. b4 Bf8 14. a3 Be7 15.
Rfe1 Qc7 16. Rac1 a5 17. c4 dxc4 18. Bxf5 gxf5 19. bxa5 Qxa5 20. Nxc4 Qa6 21.
Rc3 Rd8 22. Rb1 b5 23. Nd6+ Bxd6 24. Rxc6 Qxa3 25. Rxd6 Qxf3 26. gxf3 Rb8 27.
d5 1/2-1/2

[Event "BPB Limburg open"]
[Site "Maastricht"]
[Date "2015.05.24"]
[Round "5"]
[White "Verhoef, Pieter"]
[Black "Majhi, Ankit"]
[Result "0-1"]
[WhiteElo "2027"]
[BlackElo "2178"]
[PlyCount "98"]
[EventDate "2015.05.22"]
[EventType "swiss"]
[EventRounds "7"]
[EventCountry "NED"]
[Source "P.Boonen"]
[SourceDate "2015.10.01"]

1. e4 e5 2. Nf3 Nc6 3. d4 exd4 4. Bc4 Nf6 5. e5 Ng4 6. Qe2 Qe7 7. Bf4 f6 8.
exf6 gxf6 9. Nbd2 d6 10. Nb3 Nge5 11. O-O-O Bg4 12. Nbxd4 Nxd4 13. Rxd4 O-O-O
14. Bxe5 Bxf3 15. Qxf3 fxe5 16. Rd3 c6 17. Kb1 d5 18. Qf5+ Kb8 19. Bb3 Bg7 20.
f3 Rhf8 21. Qxh7 Qf6 22. Rc3 e4 23. Qh3 Qg5 24. f4 Qxf4 25. Re3 Rh8 26. Qg3 Be5
27. Qxf4 Bxf4 28. Re2 Bxh2 29. c3 Bg3 30. Rxh8 Rxh8 31. Bd1 Rh1 32. Kc2 Rg1 33.
Rd2 Kc7 34. Bg4 b5 35. Bh3 Ra1 36. a3 a5 37. Bg4 Rg1 38. Bh3 Rf1 39. Re2 Kd6
40. b4 a4 41. Bg4 Bf4 42. Bc8 Bc1 43. g4 Bxa3 44. Rg2 Rc1+ 45. Kd2 Bb2 46. Rf2
a3 47. Rf6+ Kc7 48. Bf5 a2 49. Rf7+ Kd6 0-1

[Event "BPB Limburg open"]
[Site "Maastricht"]
[Date "2015.05.24"]
[Round "5"]
[White "Vogel, Jaap"]
[Black "Boons, Patrick"]
[Result "1/2-1/2"]
[WhiteElo "2163"]
[BlackElo "2024"]
[PlyCount "79"]
[EventDate "2015.05.22"]
[EventType "swiss"]
[EventRounds "7"]
[EventCountry "NED"]
[Source "P.Boonen"]
[SourceDate "2015.10.01"]

1. d4 d5 2. Nf3 e6 3. g3 f5 4. Bg2 Nf6 5. O-O Bd6 6. c4 c6 7. Qc2 O-O 8. Nc3
Ne4 9. Bf4 Qe7 10. c5 Bxf4 11. gxf4 Nd7 12. e3 Kh8 13. Kh1 Ndf6 14. Ne5 Nxc3
15. Qxc3 Nd7 16. Nd3 Rg8 17. Rg1 g5 18. fxg5 Rxg5 19. f4 Rg7 20. Bf3 Rxg1+ 21.
Rxg1 Nf6 22. Qe1 Bd7 23. Ne5 Rg8 24. Rxg8+ Kxg8 25. Qa5 Be8 26. Qxa7 Bh5 27.
Bxh5 Nxh5 28. Qb8+ Kg7 29. Nf3 h6 30. Qd6 Qxd6 31. cxd6 Kf8 32. Ne5 Nf6 33. Kg2
Ne4 34. d7 Ke7 35. Kh3 Nf6 36. Kh4 c5 37. dxc5 Nxd7 38. Nxd7 Kxd7 39. Kh5 Kc6
40. b4 1/2-1/2

[Event "BPB Limburg open"]
[Site "Maastricht"]
[Date "2015.05.24"]
[Round "5"]
[White "Volkov, Mykyta"]
[Black "Driessens, Patrick"]
[Result "1-0"]
[WhiteElo "2126"]
[BlackElo "2278"]
[PlyCount "61"]
[EventDate "2015.05.22"]
[EventType "swiss"]
[EventRounds "7"]
[EventCountry "NED"]
[Source "P.Boonen"]
[SourceDate "2015.10.01"]

1. d4 e6 2. c4 b6 3. e4 Bb7 4. Bd3 Bb4+ 5. Bd2 Bxd2+ 6. Nxd2 d6 7. Ngf3 Nd7 8.
Bc2 e5 9. d5 Nh6 10. Nf1 O-O 11. Ng3 a6 12. Qd2 b5 13. cxb5 axb5 14. O-O Nc5
15. Rfd1 Bc8 16. Ne1 f5 17. exf5 Nxf5 18. Nxf5 Bxf5 19. Bxf5 Rxf5 20. Nd3 Ne4
21. Qb4 Qh4 22. f3 Ra4 23. Qxb5 Ng5 24. f4 Rd4 25. fxg5 Rg4 26. Qe8+ Rf8 27.
Qe6+ Kh8 28. Rf1 Rxg2+ 29. Kxg2 Qe4+ 30. Kg1 Qe3+ 31. Rf2 1-0

[Event "BPB Limburg open"]
[Site "Maastricht"]
[Date "2015.05.24"]
[Round "5"]
[White "Vreugdenhil, Frans"]
[Black "Ritsema, Ronald"]
[Result "1/2-1/2"]
[WhiteElo "2009"]
[BlackElo "2012"]
[PlyCount "98"]
[EventDate "2015.05.22"]
[EventType "swiss"]
[EventRounds "7"]
[EventCountry "NED"]
[Source "P.Boonen"]
[SourceDate "2015.10.01"]

1. e4 e6 2. d4 d5 3. Nc3 Bb4 4. Bd2 Ne7 5. e5 c5 6. a3 Bxc3 7. Bxc3 cxd4 8.
Bxd4 Nbc6 9. Nf3 Nxd4 10. Nxd4 Ng6 11. Qg4 O-O 12. f4 Qh4+ 13. Qxh4 Nxh4 14. g3
Ng6 15. Bd3 Ne7 16. Kd2 Bd7 17. Rhf1 Nc6 18. c3 Nxd4 19. cxd4 a6 20. Rac1 g6
21. Rc5 Rfc8 22. Rfc1 Kf8 23. Rxc8+ Rxc8 24. Rxc8+ Bxc8 25. Kc3 Ke7 26. Kb4 Kd8
27. Kc3 Bd7 28. Kb4 Bc8 29. a4 Kc7 30. Kc5 Bd7 31. a5 Be8 32. b4 Bd7 33. b5
Bxb5 34. Bxb5 axb5 35. Kxb5 Kc8 36. Kb6 Kb8 37. Kc5 Kc7 38. Kb5 Kc8 39. Kb6 Kb8
40. h3 h5 41. g4 hxg4 42. hxg4 Kc8 43. Kc5 Kc7 44. f5 gxf5 45. gxf5 Kd7 46. Kb6
Kc8 47. fxe6 fxe6 48. Ka7 Kc7 49. Ka8 Kc8 1/2-1/2

[Event "BPB Limburg open"]
[Site "Maastricht"]
[Date "2015.05.24"]
[Round "5"]
[White "Vrolijk, Liam"]
[Black "Jans, Michael"]
[Result "1/2-1/2"]
[WhiteElo "2045"]
[BlackElo "2085"]
[PlyCount "61"]
[EventDate "2015.05.22"]
[EventType "swiss"]
[EventRounds "7"]
[EventCountry "NED"]
[Source "P.Boonen"]
[SourceDate "2015.10.01"]

1. d4 d5 2. c4 c6 3. Nc3 Nf6 4. Nf3 dxc4 5. a4 Bf5 6. e3 e6 7. Bxc4 Bb4 8. O-O
h6 9. Qe2 Ne4 10. Nxe4 Bxe4 11. Ne5 O-O 12. Rd1 Nd7 13. Nxd7 Qxd7 14. f3 Bg6
15. e4 Qc7 16. Be3 Rfe8 17. Rac1 Qa5 18. Bf2 Bd6 19. Be1 Bb4 20. Bf2 Bd6 21.
Be1 Bb4 22. Bg3 Rad8 23. Bb3 Qb6 24. Bf2 Qa5 25. Bh4 Be7 26. Be1 Qb6 27. Qc4 a5
28. Kh1 Rd7 29. Bf2 Red8 30. Bg1 Qb4 31. Qc3 1/2-1/2

[Event "BPB Limburg open"]
[Site "Maastricht"]
[Date "2015.05.24"]
[Round "5"]
[White "Weiler, Wolfgang"]
[Black "Hoffmeister, Frank"]
[Result "1-0"]
[WhiteElo "2121"]
[BlackElo "2231"]
[PlyCount "87"]
[EventDate "2015.05.22"]
[EventType "swiss"]
[EventRounds "7"]
[EventCountry "NED"]
[Source "P.Boonen"]
[SourceDate "2015.10.01"]

1. e4 e6 2. d4 d5 3. Nd2 Nf6 4. e5 Nfd7 5. Bd3 c5 6. c3 Nc6 7. Ngf3 Qb6 8. O-O
cxd4 9. cxd4 Nxd4 10. Nxd4 Qxd4 11. Nf3 Qb6 12. Qa4 Qb4 13. Qc2 Qc5 14. Qe2 Qa5
15. a3 Qd8 16. b4 Be7 17. Nd4 Nb8 18. f4 g6 19. Bb2 Nc6 20. Rac1 Nxd4 21. Bxd4
O-O 22. Qe3 f6 23. Qg3 f5 24. Qe3 b6 25. Rc3 Rf7 26. Rfc1 Bf8 27. Qe2 Bd7 28.
Ba6 g5 29. fxg5 Rg7 30. h4 h6 31. Be3 Be7 32. gxh6 Rg4 33. Qd2 Bxh4 34. Bb7 Rb8
35. Bxd5 Bg3 36. Bf3 Rh4 37. Bg5 Qe8 38. Bxh4 Bxh4 39. Rc7 Rd8 40. h7+ Kh8 41.
Qh6 Qe7 42. Rd1 Bg3 43. Bc6 Bxc6 44. Rxd8+ 1-0

[Event "BPB Limburg open"]
[Site "Maastricht"]
[Date "2015.05.24"]
[Round "5"]
[White "Zimmermann, Luc"]
[Black "Beeke, Bobby"]
[Result "1/2-1/2"]
[WhiteElo "2113"]
[BlackElo "2250"]
[PlyCount "51"]
[EventDate "2015.05.22"]
[EventType "swiss"]
[EventRounds "7"]
[EventCountry "NED"]
[Source "P.Boonen"]
[SourceDate "2015.10.01"]

1. e4 c5 2. c3 Nf6 3. e5 Nd5 4. d4 cxd4 5. Nf3 e6 6. cxd4 d6 7. a3 Be7 8. Bd3
Bd7 9. O-O Bc6 10. Re1 Nd7 11. b4 a6 12. Nbd2 dxe5 13. dxe5 Qc7 14. Bb2 Rc8 15.
Rc1 Nf4 16. Be4 O-O 17. Nd4 Nb8 18. Nxc6 Nxc6 19. Qg4 Ng6 20. Nc4 Qb8 21. h4
Ncxe5 22. Nxe5 Rxc1 23. Rxc1 Nxe5 24. Bxh7+ Kxh7 25. Qh5+ Kg8 26. Bxe5 1/2-1/2